[Event "ICS rated standard match"]
[Site "207.99.5.190"]
[Date "1999.03.12"]
[Round "?"]
[White "Alex72"]
[Black "Hossa"]
[Result "0-1"]
[WhiteElo "1973"]
[BlackElo "2217"]
[PlyCount "46"]

1. d4 Nf6 2. c4 g6 3. Nc3 Bg7 4. e4 d6 5. f3 O-O 6. Be3 e5 7. d5 Na6 8. a3 Nc5
9. b4 Ncd7 10. Bd3 a5 11. Nge2 axb4 12. axb4 Rxa1 13. Qxa1 Nb8 14. b5 Nbd7 15.
O-O Nh5 16. Qc1 Nc5 17. Bxc5 dxc5 18. Qe3 Nf4 19. Na4 Nxd3 20. Qxd3 b6 21. Ra1
Qh4 22. Nac3 Bb7 23. Ra7 23... Qe1# {Alex72 checkmated} 0-1

[Event "ICS rated blitz match"]
[Site "207.99.5.190"]
[Date "1999.03.12"]
[Round "?"]
[White "Hossa"]
[Black "Speedy"]
[Result "1-0"]
[WhiteElo "2412"]
[BlackElo "2354"]
[PlyCount "107"]

1. e4 c5 2. Bc4 a6 3. Nc3 b5 4. Bxf7+ Kxf7 5. Qh5+ g6 6. Qd5+ e6 7. Qxa8 Nc6 8.
Nd1 Qc7 9. d4 Bb7 10. Bf4 Qb6 11. dxc5 Bxc5 12. Qb8 Nxb8 13. Bxb8 Bxe4 14. Be5
Nf6 15. Nh3 Rc8 16. Ng5+ Ke7 17. Bxf6+ Kxf6 18. Nxe4+ Ke7 19. O-O d5 20. Nxc5
Qxc5 21. c3 Kf7 22. Re1 Re8 23. Ne3 e5 24. Rac1 h5 25. b4 Qc6 26. Red1 Rd8 27.
Rc2 Ke6 28. Rcd2 Qxc3 29. Nxd5 Rxd5 30. Rxd5 Qxb4 31. R5d3 a5 32. Rb3 Qc4 33.
Rdb1 b4 34. a3 bxa3 35. Rxa3 a4 36. Rba1 Kf5 37. Rxa4 Qe2 38. R4a3 e4 39. Re3
Qc4 40. h4 Qd4 41. Rae1 Kf4 42. Rxe4+ Qxe4 43. Rxe4+ Kxe4 44. f3+ Ke3 45. Kf1
Kf4 46. Kf2 Kf5 47. Ke3 Ke5 48. g4 hxg4 49. fxg4 Ke6 50. Ke4 Kf6 51. Kd5 Ke7
52. Ke5 Kf7 53. Kd6 Kf6 54. g5+ {Speedy resigns} 1-0

[Event "ICS rated blitz match"]
[Site "207.99.5.190"]
[Date "1999.03.12"]
[Round "?"]
[White "Hossa"]
[Black "Speedy"]
[Result "0-1"]
[WhiteElo "2425"]
[BlackElo "2341"]
[Annotator "Crafty v16.5"]
[PlyCount "43"]

{annotating for player Hossa using a scoring margin of +0.10 pawns. search
time limit is 10.00} 1. e4 1... c5 2. Bc4 a6 3. Nc3 b5 4. Bxf7+ Kxf7 5. Qh5+ g6
6. Qd5+ e6 7. Qxa8 Nc6 8. Nd1 ({9:-1.55} 8. Nd1 8... Qc7 9. d4 Bb7 10. Bf4 Qb6
11. dxc5 Bxc5 12. Bc7 12... Qxc7 $19) ({9:+2.50} 8. Nf3 8... Nb4 9. Ne5+ Kg7
10. O-O Nxc2 11. Rb1 Nf6 12. f4 12... Bd6 $18) 8... Qc7 9. d4 Bb7 10. Bf4 Qb6
11. dxc5 ({8:-3.32} 11. dxc5 11... Bxc5 12. Qxb7 Qxb7 13. Nf3 Nb4 14. Ng5+ Ke7
15. O-O 15... Nxc2 $19) ({8:-2.68} 11. Qxf8+ 11... Kxf8 12. Bd6+ Kf7 13. Bxc5
Qa5+ 14. c3 d6 15. Bxd6 Nxd4 16. Kf1 16... Qd8 $19) 11... Bxc5 12. Qb8 ({
9:-5.46} 12. Qb8 12... Nxb8 13. Bxb8 Bxe4 14. Be5 Bxg2 15. Bxh8 Bxh1 16. Ne2
$19) ({9:-3.23} 12. Qxb7 12... Qxb7 13. Nf3 Nf6 14. Ng5+ Kg7 15. Nc3 b4 16. Na4
16... Bd4 $19) 12... Nxb8 13. Bxb8 Bxe4 14. Be5 Nf6 15. Nh3 ({8:-8.04} 15. Nh3
15... Bxg2 16. Ng5+ Ke7 17. Rf1 Bxf1 18. Kxf1 Qc6 19. Ke2 $19) ({8:-5.95} 15.
Ne2 15... Bxg2 16. Rg1 Bf3 17. Rg3 Bxe2 18. Kxe2 Ke7 19. Bxf6+ Kxf6 20. Ne3 $19
) 15... Bxg2 16. Ng5+ Ke7 17. Bxf6+ ({8:-10.34} 17. Bxf6+ 17... Kxf6 18. Ne4+
Bxe4 19. O-O Bxc2 20. a3 Bd3 21. Re1 d5 22. Rc1 $19) ({8:-8.84} 17. Rf1 17...
h6 18. Ne4 Bxe4 19. c3 Qc6 20. Ne3 20... d6 $19) 17... Kxf6 18. Rf1 ({9:-11.92
} 18. Rf1 18... Kxg5 19. Rc1 Bxf1 20. Kxf1 Rf8 21. c4 Bxf2 22. cxb5 $19) ({
9:-10.55} 18. Ne4+ 18... Bxe4 19. O-O Bxc2 20. Rc1 Bd3 21. Re1 d5 22. a3 22...
Rd8 $19) 18... Bxf1 19. Ne4+ Ke5 20. Nxc5 Qxc5 21. Kxf1 Qxc2 22. Kg1 0-1

[Event "ICS rated bullet match"]
[Site "207.99.5.190"]
[Date "1999.03.12"]
[Round "?"]
[White "sienna"]
[Black "Hossa"]
[Result "1-0"]
[WhiteElo "2777"]
[BlackElo "2367"]
[Annotator "Crafty v16.5"]
[PlyCount "69"]

{annotating for player Hossa using a scoring margin of +0.10 pawns. search
time limit is 10.00} 1. e4 1... c5 2. Nf3 Nc6 3. d4 cxd4 4. Nxd4 Qa5+ 5. Nc3
Nf6 6. Nb3 Qe5 7. f4 Qe6 ({9:-1.26} 7... Qe6 8. e5 a6 9. Be2 Ng8 10. Nc5 Qg6
11. O-O 11... Qf5 $16) ({9:-0.73} 7... Qh5 8. Qxh5 Nxh5 9. Be2 Nf6 10. O-O d6
11. Nd5 Nxd5 12. exd5 12... Nb4 $16) 8. e5 d6 ({8:-3.42} 8... d6 9. Nb5 Kd8 10.
N5d4 Nxd4 11. Nxd4 Qg4 12. exf6 Qxd1+ 13. Kxd1 Bg4+ 14. Be2 Bxe2+ 15. Kxe2
15... gxf6 $18) ({8:-1.26} 8... Ng4 $16) 9. Nb5 Kd8 ({9:-3.43} 9... Kd8 10.
N5d4 Nxd4 11. Nxd4 Qg4 12. exf6 Qh4+ 13. g3 Qxf6 14. Kf2 Bg4 15. Qxg4 15...
Qxd4+ $18) ({9:-3.31} 9... Qd7 10. exf6 exf6 11. Bd3 a6 12. N5d4 Qg4 13. Nxc6
Qxd1+ 14. Kxd1 14... bxc6 $18) 10. N5d4 Nxd4 11. Nxd4 Qg4 ({9:-2.93} 11... Qg4
12. exf6 gxf6 13. Qxg4 Bxg4 14. Be3 Bh6 15. Be2 Rg8 16. Bc4 $18) ({9:-2.82} 
11... Qd5 12. exf6 gxf6 13. Be3 Bd7 14. Qf3 Qxf3 15. Nxf3 Bc6 16. O-O-O Bxf3
17. gxf3 $18) 12. exf6 Qxd1+ 13. Kxd1 exf6 ({9:-3.53} 13... exf6 14. Bc4 Bg4+
15. Kd2 Bh5 16. Kd3 Kc7 17. Nb5+ Kc6 18. Be3 Bg6+ 19. Kc3 $18) ({9:-3.12} 13...
gxf6 14. Be3 Bh6 15. Bc4 Bg4+ 16. Kd2 e5 17. Nb5 Bxf4 18. Bxf4 18... exf4 $18)
14. Bc4 Bg4+ 15. Ke1 Bh5 16. Bd5 Kc7 17. Be3 Re8 18. Nb5+ Kc8 19. Kf2 a6 20.
Nd4 Be7 ({9:-4.00} 20... Be7 21. Rhg1 g5 22. g4 gxf4 23. Bxf4 Bg6 24. Nf5 Bf8
25. Nd4 $18) ({9:-3.85} 20... Re7 21. Rhe1 Bg4 22. Bd2 Bh5 23. Be4 Bg4 24. f5
24... Kc7 $18) 21. Rhg1 g5 22. g4 gxf4 23. Bxf4 Bg6 24. Nf5 Bxf5 ({8:-4.72} 
24... Bxf5 25. gxf5 Bd8 26. Rg7 Bb6+ 27. Kf3 Bd4 28. c3 Be5 29. Bxf7 Bxf4 30.
Bxe8 30... Bxh2 $18) ({8:-3.85} 24... Bf8 25. Rae1 Re5 26. Bxe5 fxe5 27. h4 Kc7
28. c4 Bxf5 29. gxf5 $18) 25. gxf5 Bd8 26. Rg7 Bb6+ 27. Kf3 Bd4 28. Rxf7 Bxb2
29. Bxd6 Re7 30. Rxe7 Be5 31. Bxe5 fxe5 32. Bxb7+ Kd8 33. f6 e4+ 34. Kxe4 a5
35. Rd1# 1-0

[Event "ICS rated bullet match"]
[Site "207.99.5.190"]
[Date "1999.03.12"]
[Round "?"]
[White "Hossa"]
[Black "Latvia"]
[Result "1-0"]
[WhiteElo "2364"]
[BlackElo "2080"]
[PlyCount "25"]

1. e4 Nc6 2. Nf3 e5 3. Bb5 Nge7 4. O-O a6 5. Ba4 b5 6. Bb3 d6 7. Ng5 d5 8. Qh5
g6 9. Qf3 f5 10. exd5 Nd4 11. Qe3 f4 12. Qxe5 Rg8 13. Qxd4 {Latvia resigns} 1-0

[Event "ICS rated blitz match"]
[Site "207.99.5.190"]
[Date "1999.03.12"]
[Round "?"]
[White "Hossa"]
[Black "Speedy"]
[Result "0-1"]
[WhiteElo "2405"]
[BlackElo "2361"]
[Annotator "Crafty v16.5"]
[PlyCount "45"]

{annotating for player Hossa using a scoring margin of +0.10 pawns. search
time limit is 10.00} 1. e4 1... c5 2. Bc4 a6 3. Nc3 b5 4. Bxf7+ Kxf7 5. Qh5+ g6
6. Qd5+ e6 7. Qxa8 Nc6 8. Nd1 ({9:-1.55} 8. Nd1 8... Qc7 9. d4 Bb7 10. Bf4 Qb6
11. dxc5 Bxc5 12. Bc7 12... Qxc7 $19) ({9:+2.50} 8. Nf3 8... Nb4 9. Ne5+ Kg7
10. O-O Nxc2 11. Rb1 Nf6 12. f4 12... Bd6 $18) 8... Qc7 9. d4 Bb7 10. Bf4 Qb6
11. dxc5 ({8:-3.32} 11. dxc5 11... Bxc5 12. Qxb7 Qxb7 13. Nf3 Nb4 14. Ng5+ Ke7
15. O-O 15... Nxc2 $19) ({8:-2.68} 11. Qxf8+ 11... Kxf8 12. Bd6+ Kf7 13. Bxc5
Qa5+ 14. c3 d6 15. Bxd6 Nxd4 16. Kf1 16... Qd8 $19) 11... Bxc5 12. Qb8 ({
9:-5.46} 12. Qb8 12... Nxb8 13. Bxb8 Bxe4 14. Be5 Bxg2 15. Bxh8 Bxh1 16. Ne2
$19) ({9:-3.23} 12. Qxb7 12... Qxb7 13. Nf3 Nf6 14. Ng5+ Kg7 15. Nc3 b4 16. Na4
16... Bd4 $19) 12... Nxb8 13. Bxb8 Bxe4 14. Be5 Nf6 15. Nh3 ({8:-8.04} 15. Nh3
15... Bxg2 16. Ng5+ Ke7 17. Rf1 Bxf1 18. Kxf1 Qc6 19. Ke2 $19) ({8:-5.95} 15.
Ne2 15... Bxg2 16. Rg1 Bf3 17. Rg3 Bxe2 18. Kxe2 Ke7 19. Bxf6+ Kxf6 20. Ne3 $19
) 15... Bxg2 16. Ng5+ Ke7 17. Bxf6+ ({8:-10.34} 17. Bxf6+ 17... Kxf6 18. Ne4+
Bxe4 19. O-O Bxc2 20. a3 Bd3 21. Re1 d5 22. Rc1 $19) ({8:-8.84} 17. Rf1 17...
h6 18. Ne4 Bxe4 19. c3 Qc6 20. Ne3 20... d6 $19) 17... Kxf6 18. Rf1 ({9:-11.92
} 18. Rf1 18... Kxg5 19. Rc1 Bxf1 20. Kxf1 Rf8 21. c4 Bxf2 22. cxb5 $19) ({
9:-10.55} 18. Ne4+ 18... Bxe4 19. O-O Bxc2 20. Rc1 Bd3 21. Re1 d5 22. a3 22...
Rd8 $19) 18... Bxf1 19. Ne4+ Ke7 20. Kxf1 d5 21. Nxc5 Qxc5 22. c3 Rf8 23. Kg1
0-1

[Event "ICS rated blitz match"]
[Site "207.99.5.190"]
[Date "1999.03.12"]
[Round "?"]
[White "Hossa"]
[Black "Speedy"]
[Result "0-1"]
[WhiteElo "2387"]
[BlackElo "2379"]
[Annotator "Crafty v16.5"]
[PlyCount "45"]

{annotating for player Hossa using a scoring margin of +0.10 pawns. search
time limit is 10.00} 1. e4 1... c5 2. Bc4 a6 3. Nc3 b5 4. Bxf7+ Kxf7 5. Qh5+ g6
6. Qd5+ e6 7. Qxa8 Nc6 8. Nd1 ({9:-1.55} 8. Nd1 8... Qc7 9. d4 Bb7 10. Bf4 Qb6
11. dxc5 Bxc5 12. Bc7 12... Qxc7 $19) ({9:+2.50} 8. Nf3 8... Nb4 9. Ne5+ Kg7
10. O-O Nxc2 11. Rb1 Nf6 12. f4 12... Bd6 $18) 8... Qc7 9. d4 Bb7 10. Bf4 Qb6
11. dxc5 ({8:-3.32} 11. dxc5 11... Bxc5 12. Qxb7 Qxb7 13. Nf3 Nb4 14. Ng5+ Ke7
15. O-O 15... Nxc2 $19) ({8:-2.68} 11. Qxf8+ 11... Kxf8 12. Bd6+ Kf7 13. Bxc5
Qa5+ 14. c3 d6 15. Bxd6 Nxd4 16. Kf1 16... Qd8 $19) 11... Bxc5 12. Qb8 ({
9:-5.46} 12. Qb8 12... Nxb8 13. Bxb8 Bxe4 14. Be5 Bxg2 15. Bxh8 Bxh1 16. Ne2
$19) ({9:-3.23} 12. Qxb7 12... Qxb7 13. Nf3 Nf6 14. Ng5+ Kg7 15. Nc3 b4 16. Na4
16... Bd4 $19) 12... Nxb8 13. Bxb8 Bxe4 14. Be5 Bxg2 15. Nh3 ({9:-8.04} 15. Nh3
15... Nf6 16. Ng5+ Ke7 17. Rf1 Bxf1 18. Kxf1 b4 19. Rc1 Qb5+ 20. c4 $19) ({
9:-5.98} 15. Bxh8 15... Bxh1 16. Nh3 Qd8 17. Be5 Be4 18. c3 Qh4 19. Ng1 $19)
15... Bxh1 16. Ng5+ Ke7 17. Bxh8 Bd4 18. Bxd4 Qxd4 19. Ne3 ({9:-8.59} 19. Ne3
19... Qxb2 20. Rd1 h6 21. Ke2 Bc6 22. Nh3 Qxa2 23. f4 $19) ({9:-8.18} 19. Nxh7
19... Qe5+ 20. Ne3 Bf3 21. c3 Qxh2 22. Ng5 Qg1+ 23. Nf1 Qxg5 24. Ng3 $19) 19...
Qxb2 20. Rd1 Nf6 21. Kf1 ({9:-9.05} 21. Kf1 21... Nd5 22. h4 Nxe3+ 23. fxe3
Qxc2 24. Ke1 h6 25. Nh3 Qxa2 26. Nf4 $19) ({9:-8.14} 21. Ke2 21... Bc6 22. Rd2
Qxa2 23. h3 Qa4 24. Rd1 h6 25. Nf3 Bxf3+ 26. Kxf3 $19) 21... Bc6 22. Kg1 h6 23.
Nh3 0-1

[Event "ICS rated standard match"]
[Site "207.99.5.190"]
[Date "1999.03.12"]
[Round "?"]
[White "Last-Knight"]
[Black "Hossa"]
[Result "0-1"]
[WhiteElo "1983"]
[BlackElo "2229"]
[PlyCount "40"]

1. c4 e5 2. Nc3 Nf6 3. a3 Be7 4. g3 d5 5. cxd5 Nxd5 6. Bg2 Nxc3 7. bxc3 O-O 8.
d4 exd4 9. Qxd4 Bf6 10. Qxd8 Rxd8 11. Bd2 Na6 12. Rb1 Nc5 13. e4 Nd3+ 14. Ke2
Nxf2 15. Kxf2 Rxd2+ 16. Kf1 Bxc3 17. Ne2 Ba5 18. h3 Bb6 19. g4 Ra2 20. Nc3
20... Rf2+ {Last-Knight resigns} 0-1

[Event "ICS Rated blitz match"]
[Site "207.99.5.190"]
[Date "1999.03.12"]
[Round "?"]
[White "rb"]
[Black "Hossa"]
[Result "1-0"]
[WhiteElo "2425"]
[BlackElo "2371"]
[PlyCount "93"]

1. e4 e5 2. Nf3 Nc6 3. Bb5 a6 4. Ba4 b5 5. Bb3 Bc5 6. d3 Nf6 7. a4 Bb7 8. O-O
O-O 9. Bg5 b4 10. Bd5 Qe7 11. Nbd2 Rae8 12. Nh4 Qd8 13. Nf5 Na5 14. Bxb7 Nxb7
15. Nb3 Re6 16. h3 Rc6 17. d4 Bxd4 18. Nbxd4 exd4 19. e5 d3 20. Bxf6 Rxf6 21.
exf6 Qxf6 22. Qxd3 Nc5 23. Qd5 Ne6 24. Rab1 c6 25. Qa5 d5 26. Ne3 Qg6 27. Qxa6
Nf4 28. Kh1 d4 29. Qc4 dxe3 30. Qxf4 Qxc2 31. a5 Qa4 32. Ra1 Qb3 33. Qd4 c5 34.
Qxe3 Qxb2 35. Qxc5 Qd2 36. Rfb1 Qc3 37. Qxc3 bxc3 38. a6 c2 39. Rb2 Rc8 40. a7
c1=Q+ 41. Rxc1 Rxc1+ 42. Kh2 g6 43. a8=Q+ Kg7 44. Qe8 Rc5 45. Rb8 Rf5 46. g4
Rxf2+ 47. Kg3 {Hossa resigns} 1-0

[Event "ICS Rated blitz match"]
[Site "207.99.5.190"]
[Date "1999.03.12"]
[Round "?"]
[White "Hossa"]
[Black "rb"]
[Result "1-0"]
[WhiteElo "2357"]
[BlackElo "2439"]
[PlyCount "135"]

1. e4 e5 2. Nf3 Nc6 3. Bc4 Bc5 4. c3 Nf6 5. d4 exd4 6. e5 d5 7. Bb5 Ne4 8. cxd4
Bb6 9. Bxc6+ bxc6 10. b4 O-O 11. O-O Ba6 12. Re1 Qe7 13. a4 Qxb4 14. Ba3 Qa5
15. Bxf8 Kxf8 16. e6 fxe6 17. Nbd2 Nxd2 18. Nxd2 Qb4 19. Nf3 Kg8 20. Rxe6 Rf8
21. Rb1 Qc3 22. Rc1 Qa3 23. Rcxc6 Bb7 24. Rc1 Bc8 25. Re3 Qb4 26. Qb3 Qxb3 27.
Rxb3 Bd7 28. Ra3 a5 29. h4 Rf4 30. g3 Rf6 31. Kg2 Bf5 32. Rb3 Be4 33. g4 h6 34.
Kg3 Rf8 35. g5 Bxf3 36. Rxf3 hxg5 37. Rxf8+ Kxf8 38. f4 gxh4+ 39. Kxh4 Ke7 40.
Rd1 Ke6 41. Kg5 Kf7 42. Rd3 c6 43. Kf5 g6+ 44. Kg4 Ke6 45. Kg5 Bc7 46. Rc3 Kd7
47. Rc2 Bb6 48. Rd2 Bc7 49. Re2 Bb6 50. Kxg6 Bxd4 51. f5 Bc5 52. Kf7 Bb4 53. f6
Bc3 54. Kg6 Bb4 55. f7 Bf8 56. Re8 Bd6 57. Ra8 Be7 58. Ra7+ Ke6 59. Rxe7+ Kxe7
60. Kg7 Kd7 61. f8=Q Kc7 62. Kf6 Kb7 63. Qe7+ Kb6 64. Ke5 Ka6 65. Kd6 Kb6 66.
Qc7+ Ka6 67. Kxc6 d4 68. Qb6# {rb checkmated} 1-0

[Event "ICS rated blitz match"]
[Site "207.99.5.190"]
[Date "1999.03.12"]
[Round "?"]
[White "rajah"]
[Black "Hossa"]
[Result "0-1"]
[WhiteElo "2415"]
[BlackElo "2377"]
[PlyCount "154"]

1. c4 e5 2. Nc3 Nf6 3. Nf3 Nc6 4. e4 Bc5 5. Be2 d6 6. d3 Nd4 7. O-O Nxe2+ 8.
Qxe2 O-O 9. Bg5 c6 10. Na4 Bb4 11. a3 Ba5 12. d4 exd4 13. Nxd4 Bg4 14. f3 Bd7
15. Rad1 Re8 16. Qf2 b5 17. cxb5 cxb5 18. Bxf6 Qxf6 19. Nb3 Bc7 20. Nc3 Bb6 21.
Nd4 Bc6 22. Rd3 Rac8 23. Rc1 Bc5 24. Rc2 Qf4 25. Nce2 Qg5 26. b4 Bb6 27. Rdc3
Bd7 28. Rxc8 Rxc8 29. Rxc8+ Bxc8 30. Kh1 Qd2 31. Qg1 Bd7 32. Qa1 Qe3 33. h3 a6
34. Qb2 Kh8 35. Qb3 Qxb3 36. Nxb3 f5 37. Nf4 fxe4 38. fxe4 g6 39. Nd5 Bf2 40.
Na5 Bg3 41. Nb7 Kg7 42. Kg1 h5 43. Kf1 Be5 44. Ke1 g5 45. Kf1 h4 46. Ke2 g4 47.
hxg4 Bxg4+ 48. Kf1 Bc8 49. Nd8 Bb2 50. Nc6 Bb7 51. Nd8 Bxd5 52. exd5 Bxa3 53.
Nc6 Kf6 54. Ke2 Kg6 55. Kf2 Kh5 56. Kf3 Kg5 57. Ke2 Kf4 58. Nb8 Bxb4 59. Nxa6
Ba5 60. Nb8 Kg3 61. Nc6 Kxg2 62. Nd4 b4 63. Ne6 b3 64. Kd1 Bb6 65. Nf4+ Kg3 66.
Ne2+ Kf3 67. Nc3 Be3 68. Nb1 h3 69. Ke1 h2 70. Nd2+ Kf4 71. Nxb3 h1=Q+ 72. Ke2
Qxd5 73. Ke1 Kf3 74. Nd4+ Bxd4 75. Kd2 Qb3 76. Ke1 Bc3+ 77. Kf1 77... Qd1# {
rajah checkmated} 0-1

[Event "ICS Rated blitz match"]
[Site "207.99.5.190"]
[Date "1999.03.12"]
[Round "?"]
[White "Hossa"]
[Black "rajah"]
[Result "0-1"]
[WhiteElo "2395"]
[BlackElo "2397"]
[Annotator "Crafty v16.5"]
[PlyCount "103"]

{annotating for player Hossa using a scoring margin of +0.10 pawns. search
time limit is 10.00} 1. e4 1... e5 2. Nf3 Nc6 3. Bb5 a6 4. Bxc6 dxc6 5. O-O ({
8:-0.04} 5. O-O 5... Bg4 6. d3 Qf6 7. Nbd2 Bc5 8. h3 8... Be6 $10) ({8:+0.14} 
5. Nc3 5... Bg4 6. h3 Bxf3 7. Qxf3 Nh6 8. d3 Qf6 9. Qxf6 9... gxf6 $10) 5...
Qd6 6. d4 exd4 7. Qxd4 Qxd4 8. Nxd4 Bd7 9. Bg5 Be7 10. Bxe7 Nxe7 11. Nb3 O-O-O
12. Nc3 h5 13. Nc5 h4 14. Rfd1 ({8:-0.02} 14. Rfd1 14... h3 15. f3 hxg2 16.
Kxg2 Ng6 17. Ne2 Rhe8 18. Kf2 18... Bh3 $10) ({8:+0.09} 14. f4 14... Bg4 15. f5
Bh5 16. Rf2 a5 17. f6 gxf6 18. Rxf6 $10) 14... h3 15. Rd4 ({7:-0.15} 15. Rd4
15... hxg2 16. Nxd7 Rxd7 17. Rxd7 Kxd7 18. Rd1+ Ke6 19. Kxg2 Ng6 20. Kg3 $10) (
{7:+0.02} 15. N3a4 15... hxg2 16. Kxg2 Rh5 17. Nxd7 Rxd7 18. f4 b5 19. Nc3
19... f5 $10) 15... hxg2 16. Rad1 Bh3 17. Rxd8+ Rxd8 18. Rxd8+ Kxd8 19. Nxb7+
Ke8 20. Na5 Ng6 21. Nxc6 ({10:-2.64} 21. Nxc6 21... Nh4 22. Nd4 c5 23. Nce2
cxd4 24. Nxd4 Ke7 25. c3 g5 26. f3 $19) ({10:-0.76} 21. Ne2 21... Nh4 22. f4
Bg4 23. Ng3 c5 24. Nc6 Bd7 25. Na5 f6 26. e5 $17) 21... Nh4 22. Nd4 c5 23. Nce2
cxd4 24. Nxd4 g5 25. f3 g4 26. fxg4 Bxg4 27. c3 f6 28. Kf2 a5 29. a3 a4 30. c4
Kd7 31. b4 axb3 32. Nxb3 Bd1 33. Nc5+ Kd6 34. Nd3 Bc2 35. e5+ fxe5 36. c5+ Ke6
37. Ne1 Be4 38. c6 Kd6 39. c7 Kxc7 40. h3 Kb6 41. a4 Ka5 42. Kg1 Kxa4 43. Kh2
Kb3 44. Kg1 Kb4 45. Kf2 Kc3 46. Kg1 Kd2 47. Kf2 Bc6 48. Nxg2 Nxg2 49. Kg3 e4
50. Kh2 e3 51. Kg3 e2 52. Kg4 0-1

[Event "ICS rated bullet match"]
[Site "207.99.5.190"]
[Date "1999.03.12"]
[Round "?"]
[White "Hossa"]
[Black "Tomo"]
[Result "0-1"]
[WhiteElo "2369"]
[BlackElo "2095"]
[Annotator "Crafty v16.5"]
[PlyCount "134"]

{annotating for player Hossa using a scoring margin of +0.10 pawns. search
time limit is 10.00} 1. e4 1... c5 2. Bc4 e6 3. Nc3 a6 4. d3 Nc6 5. Nf3 d6 6.
O-O ({8:-0.19} 6. O-O 6... e5 7. d4 Nxd4 8. Nxd4 cxd4 9. Na4 Bd7 10. Bb3 $10) (
{8:+0.32} 6. d4 6... b5 7. Be2 b4 8. Na4 Nf6 9. Bg5 Be7 10. Bxf6 Bxf6 11. dxc5
dxc5 12. Qxd8+ 12... Nxd8 $14) 6... Nf6 7. d4 ({8:-0.03} 7. d4 7... b5 8. d5
Na5 9. Bd3 b4 10. Na4 10... exd5 $10) ({8:+0.32} 7. Bb3 7... Be7 8. d4 O-O 9.
dxc5 dxc5 10. Bg5 Nh5 11. Be3 $14) 7... cxd4 8. Nxd4 Be7 9. Nxc6 bxc6 10. Be3
O-O 11. Qe2 d5 12. e5 ({8:-0.16} 12. e5 12... Nd7 13. Bd3 Nxe5 14. Bxh7+ Kxh7
15. Qh5+ Kg8 16. Qxe5 Bf6 17. Qf4 Bxc3 18. bxc3 $10) ({8:+0.11} 12. Rad1 12...
Qc7 13. Bd3 Rb8 14. exd5 cxd5 15. Rb1 Bb4 16. Bd4 $10) 12... Nd7 13. Bd3 Nxe5
14. Bxh7+ Kxh7 15. Qh5+ Kg8 16. Qxe5 Bf6 17. Qf4 ({9:-2.23} 17. Qf4 17... d4
18. Rad1 e5 19. Qf3 Qc7 20. Ne4 dxe3 21. Nxf6+ gxf6 22. Qg3+ Kh7 23. Qxe3 $19)
({9:-0.52} 17. Qg3 17... Bxc3 18. bxc3 Qd7 19. c4 dxc4 20. Rad1 Qe7 21. Bd4
21... f6 $15) 17... Bxc3 18. bxc3 Qf6 19. Qxf6 gxf6 20. c4 ({10:-0.13} 20. c4
20... dxc4 21. Rfd1 a5 22. h4 Ba6 23. h5 Rad8 24. Bd2 24... a4 $10) ({10:+0.14
} 20. Rfb1 20... e5 21. Rb6 Bd7 22. h4 Rfb8 23. h5 Rxb6 24. Bxb6 Bf5 25. Rc1
$10) 20... e5 21. cxd5 cxd5 22. f4 ({10:-0.13} 22. f4 22... Be6 23. c3 Rac8 24.
Rac1 Rc4 25. h3 Rfc8 26. f5 26... Bd7 $10) ({10:+0.22} 22. c3 22... Kg7 23. h4
Rh8 24. g3 Be6 25. Kg2 Rac8 26. Rac1 26... Bf5 $10) 22... Be6 23. fxe5 ({
9:-0.37} 23. fxe5 23... fxe5 24. Bg5 e4 25. Bf6 Rab8 26. Rae1 Rbc8 27. c3 27...
Rfe8 $15) ({9:-0.06} 23. c3 23... Rac8 24. Rac1 Rc4 25. h3 Rfc8 26. f5 Bd7 27.
Rcd1 $10) 23... fxe5 24. c3 Rac8 25. Bd2 Rc4 26. Kf2 f6 27. Rab1 Rfc8 28. Rb6
R8c6 29. Rb7 Rc7 30. Rxc7 Rxc7 31. Ke3 Rc4 32. Rxf6 Re4+ 33. Kf2 Bg4 34. Rxa6
Re2+ 35. Kg3 Rxd2 36. Rg6+ Kf7 37. Rxg4 Rxa2 38. Rg5 Kf6 39. Kh4 Rc2 40. Rg3 e4
41. Kh5 Ke5 42. Kg5 d4 43. cxd4+ Kxd4 44. h3 e3 45. Rg4+ Ke5 46. Kh5 e2 47. Rg8
Rc5 48. Rg5+ Kd4 49. Rxc5 Kxc5 50. g4 e1=Q 51. h4 Qe8+ 52. Kh6 Qh8+ 53. Kg5
Qg7+ 54. Kh5 Kd5 55. g5 Ke5 56. g6 Kf6 57. Kg4 Qxg6+ 58. Kf4 Qf5+ 59. Kg3 Kg6
60. Kg2 Kh5 61. Kg3 Qe4 62. Kf2 Qd3 63. Kg2 Kxh4 64. Kf2 Kg4 65. Ke1 Qc2 66.
Kf1 Kf3 67. Ke1 Qc1# 0-1

[Event "ICS Rated blitz match"]
[Site "207.99.5.190"]
[Date "1999.03.12"]
[Round "?"]
[White "rajah"]
[Black "Hossa"]
[Result "1-0"]
[WhiteElo "2413"]
[BlackElo "2379"]
[PlyCount "99"]

1. e4 c5 2. c3 e5 3. f4 exf4 4. Nf3 Nc6 5. d4 Nf6 6. d5 Ne7 7. Bd3 Qb6 8. Nbd2
Ng6 9. Nc4 Qd8 10. e5 Nh5 11. g4 fxg3 12. hxg3 b5 13. Ne3 c4 14. Rxh5 cxd3 15.
Qxd3 Rb8 16. Qd4 Qb6 17. d6 Qxd4 18. Nxd4 b4 19. Nd5 bxc3 20. Nc7+ Kd8 21. Bg5+
f6 22. exf6 Bxd6 23. fxg7+ Kxc7 24. gxh8=R Bxg3+ 25. Kd1 Nxh8 26. Rc1 Be5 27.
Nf3 Kd6 28. Nxe5 Kxe5 29. Be3+ Kf6 30. Rxc3 Nf7 31. Bd4+ Kg6 32. Rhc5 Nd6 33.
Be5 Rb6 34. Rg3+ Kf7 35. Rf3+ Ke8 36. Rf6 Ke7 37. Rxd6 Rxd6+ 38. Bxd6+ Kxd6 39.
Rxc8 h5 40. Ra8 h4 41. Rxa7 h3 42. Ra3 h2 43. Rh3 Kc5 44. Rxh2 Kd5 45. a4 Ke5
46. a5 d5 47. a6 Kd6 48. a7 d4 49. a8=Q Ke5 50. Re2+ {Hossa resigns} 1-0

[Event "ICS Rated blitz match"]
[Site "207.99.5.190"]
[Date "1999.03.12"]
[Round "?"]
[White "Hossa"]
[Black "rajah"]
[Result "1-0"]
[WhiteElo "2365"]
[BlackElo "2427"]
[PlyCount "117"]

1. e4 d5 2. exd5 Qxd5 3. Nc3 Qa5 4. Nf3 Nf6 5. Bc4 Qc5 6. Be2 e5 7. O-O Be7 8.
Re1 O-O 9. Bb5 Bg4 10. d3 Nbd7 11. a3 Rfd8 12. Be3 Qd6 13. Qe2 a6 14. Bxd7 Nxd7
15. Bd2 f5 16. Nd1 Qc6 17. Nxe5 Nxe5 18. Qxe5 Bf6 19. Qe6+ Qxe6 20. Rxe6 Bxd1
21. Rxd1 Bxb2 22. Rb1 Bxa3 23. Rxb7 Bd6 24. Bc3 Rdb8 25. Rxb8+ Rxb8 26. g3 Rb1+
27. Kg2 Kf7 28. Re3 Rb5 29. Bd4 c5 30. Be5 Bxe5 31. c4 Bd4 32. cxb5 Bxe3 33.
bxa6 c4 34. fxe3 c3 35. a7 c2 36. a8=Q c1=Q 37. Qd5+ Kf6 38. Qd4+ Kf7 39. Qc4+
Qxc4 40. dxc4 Ke6 41. Kf3 Ke5 42. g4 fxg4+ 43. Kxg4 Ke4 44. c5 Kd5 45. Kf5 Kxc5
46. Ke6 h5 47. e4 h4 48. e5 g5 49. Kf5 g4 50. Kxg4 h3 51. Kf5 Kb5 52. e6 Kc4
53. Ke4 Kc3 54. e7 Kb4 55. Kd4 Ka5 56. e8=Q Kb6 57. Qd7 Ka6 58. Kc5 Ka5 59.
Qb5# {rajah checkmated} 1-0

[Event "ICS rated bullet match"]
[Site "207.99.5.190"]
[Date "1999.03.12"]
[Round "?"]
[White "Hossa"]
[Black "TDChess"]
[Result "1-0"]
[WhiteElo "2325"]
[BlackElo "2636"]
[PlyCount "41"]

1. e4 e6 2. d4 d5 3. Nc3 Bb4 4. exd5 exd5 5. Bd3 Nc6 6. Nge2 Nf6 7. O-O O-O 8.
Bg5 Be7 9. Qd2 Bg4 10. Rae1 h6 11. Bxh6 gxh6 12. Qxh6 Nb8 13. h3 Bxe2 14. Qg5+
Kh8 15. Rxe2 Bd6 16. Qh6+ Kg8 17. Nxd5 Nbd7 18. Rfe1 c6 19. Re5 Ne4 20. R5xe4
Bh2+ 21. Kxh2 {TDChess resigns} 1-0

[Event "ICS rated bullet match"]
[Site "207.99.5.190"]
[Date "1999.03.12"]
[Round "?"]
[White "Hossa"]
[Black "rajah"]
[Result "1-0"]
[WhiteElo "2352"]
[BlackElo "2336"]
[PlyCount "161"]

1. e4 e5 2. Nf3 Nf6 3. Nc3 Nc6 4. Bc4 Nxe4 5. Nxe4 d5 6. Bb5 dxe4 7. Nxe5 Qg5
8. Nxc6 Qxg2 9. Rf1 a6 10. Bc4 bxc6 11. Qh5 Qg6 12. Qe5+ Kd8 13. h4 Bd6 14. Qa5
Bh3 15. h5 Qg4 16. Be2 Qh4 17. Rg1 e3 18. Qg5+ Qxg5 19. Rxg5 exf2+ 20. Kxf2 g6
21. Bc4 Rf8 22. d3 Bf5 23. Rg2 Bc5+ 24. Be3 Bxe3+ 25. Kxe3 Rb8 26. Rb1 Rb6 27.
Rf2 f6 28. a4 c5 29. a5 Rd6 30. Rg1 Kc8 31. b3 Re8+ 32. Kd2 Re7 33. Kc3 Re5 34.
hxg6 hxg6 35. Bf7 g5 36. Rgf1 Bh3 37. Rh1 g4 38. Bc4 g3 39. Rf3 g2 40. Rg1 Rh5
41. Bf7 Rh7 42. Bg6 Rh6 43. Rxh3 Rxg6 44. Rh2 f5 45. Rhxg2 Rxg2 46. Rxg2 Re6
47. Rg7 Re2 48. Rh7 f4 49. Rf7 Rf2 50. Rf5 f3 51. Rxc5 Re2 52. Rf5 Rf2 53. d4
c6 54. Rf7 Kb8 55. b4 Rf1 56. Kc4 Rf2 57. c3 Kc8 58. Kc5 Kd8 59. Kxc6 Ke8 60.
Rf4 Rf1 61. Kb7 Re1 62. Kxa6 Re3 63. Kb6 Rxc3 64. a6 Kd7 65. a7 Rc6+ 66. Kb5
Rc8 67. Rxf3 Ra8 68. Kb6 Rc8 69. d5 Kd6 70. Kb7 Re8 71. a8=Q Rxa8 72. Kxa8 Ke5
73. Rd3 Ke4 74. Rd1 Kf5 75. d6 Kg4 76. Kb7 Kh3 77. d7 Kh4 78. d8=Q+ Kh3 79. Qg5
Kh2 80. Kc7 Kh3 81. Rh1# {rajah checkmated} 1-0